[Event "73rd RUS-ch Superfinal 2020"]
[White "Fedoseev,Vladimir"]
[Black "Svidler,Peter"]
[Site "Moscow"]
[Round "3.4"]
[Annotator "TA"]
[Result "1/2-1/2"]
[Date "2020.12.07"]
[WhiteElo "2674"]
[BlackElo "2723"]
[PlyCount "81"]

1. d4 {} Nf6 2. c4 g6 3. Nc3 d5 4. cxd5 Nxd5 5. e4 Nxc3 6. bxc3 Bg7 7. Nf3 c5 8. Be3 Qa5 9. Qd2 Nc6 10. Rb1 a6 11. Rc1 cxd4 12. cxd4 Qxd2+ 13. Kxd2 e6 {The position is equal.} 14. Bd3 {D85: Exchange Grünfeld: Unusual White 7th moves and lines with 7 Nf3.} 0-0 15. h4 h6 $1 { outshines the older 15...Rd8.} 16. e5 Rd8 17. h5 g5 18. Nxg5 Nxd4 ({Of course not} 18... hxg5 $6 19. h6 $16 )19. Ne4 Bxe5 20. Bxh6 f5 $1 {
} 21. Nc5 Nc6 22. g4 {[#]} Bb2 $146 {...b6 is the strong threat.} ({Predecessor:} 22... Rd6 23. gxf5 exf5 24. Rhg1+ Kh7 25. Be3 Nb4 26. Rg6 Nxd3 27. Rxd6 Bxd6 28. Kxd3 f4 29. Bd2 Bf5+ 30. Kd4 Re8 31. Re1 Rxe1 32. Bxe1 Kh6 33. Nxb7 Bb8 {1/2-1/2 (33) Baumgartner,U (2354)-Sun,W (2325) ICCF email 2018} )23. Rc2 Ba3 {[#] Hoping for ...e5.} 24. gxf5 exf5 {aiming for ...Bb4+.} 25. Rg1+ Kh7 26. Be3 Nb4 {White must now prevent ...b6.} 27. Rc3 Nxd3 28. Rxd3 Rxd3+ 29. Nxd3 Be6 30. Rg6 Re8 31. Bc5 (31. Rh6+ {keeps more tension.} Kg7 32. Rg6+ Kh7 )Bxc5 32. Nxc5 Bxa2 33. Nxb7 Re6 34. Rxe6 Bxe6 $11 {
Endgame KB-KN} 35. Nc5 Bf7 36. Nxa6 Bxh5 37. f4 Kg7 38. Nc5 Kf6 39. Nd3 Be8 40. Ne5 Bb5 41. Ke3 {A rather calm draw.  Weighted Error Value: White=0.01/Black=0.
01} 1/2-1/2

[Event "73rd RUS-ch Superfinal 2020"]
[White "Dubov,Daniil"]
[Black "Matlakov,Maxim"]
[Site "Moscow"]
[Round "3.5"]
[Annotator "TA"]
[Result "1/2-1/2"]
[Date "2020.12.07"]
[WhiteElo "2702"]
[BlackElo "2698"]
[PlyCount "96"]

1. d4 {} Nf6 2. c4 e6 3. Nf3 d5 4. Nc3 Nbd7 5. g3 dxc4 6. Bg2 c6 7. 0-0 Be7 8. e4 0-0 9. a4 b5 $5 { A
promising side line. E07: Closed Catalan: Main Line (5 Nf3 0-0 6 0-0 Nbd7).} 10. axb5 cxb5 {[#]} 11. e5 $146 ({Predecessor:} 11. d5 Bc5 12. dxe6 fxe6 13. e5 Ng4 14. Ne4 Bb7 15. Nfg5 Nxf2 16. Nxf2 Rxf2 17. Rxf2 Bxf2+ 18. Kxf2 {1-0 (25)
King,D (2500)-Kotronias,V (2505) Dortmund 1989} )Nd5 {White is slightly
better.} 12. Nd2 Nxc3 13. bxc3 Rb8 14. Rxa7 Qb6 15. Ra1 Bb7 16. Ne4 Bd5 17. Qg4 {Threatens to win with Bh6!} Kh8 18. Bg5 Bxg5 19. Nxg5 {Black must now prevent
Bxd5.} Bxg2 20. Kxg2 {Hoping for Qh5!} h6 $1 {} 21. Ne4 Qc6 22. Qf3 b4 23. cxb4 Rxb4 24. Rfb1 Rb3 25. Rxb3 cxb3 26. Rb1 Rb8 {Strongly threatening .
..Qc2.} 27. Nc5 {[#]} (27. Nd2 $5 {} Qxf3+ 28. Kxf3 $11 )Nxe5 $1 {} 28. Qxc6 (28. dxe5 Qxc5 )Nxc6 29. Rxb3 $15 {
Endgame KRN-KRN} Rd8 30. Rf3 Kg8 31. Nb3 g5 32. h3 Kg7 33. Rc3 Nxd4 34. Nxd4 Rxd4 $17 {KR-KR} 35. g4 {[#]} h5 $1 {} 36. Kg3 (36. gxh5 Kh6 )h4+ 37. Kg2 Kf6 38. Rc7 Rd6 39. Ra7 e5 40. Ra8 Ke6 41. Rg8 {[#]} f6 $1 42. Ra8 e4 43. Ra5 Rd5 44. Ra8 Ke5 45. Re8+ Kf4 (45... Kd4 $1 $15 )46. Re6 $11 {
The position is equal.} f5 47. Rf6 Ra5 48. Rf8 Rb5 {Weighted Error Value:
White=0.08/Black=0.07} 1/2-1/2

[Event "73rd RUS-ch Superfinal 2020"]
[White "Esipenko,Andrey"]
[Black "Chigaev,Maksim"]
[Site "Moscow"]
[Round "3.6"]
[Annotator "TA"]
[Result "1/2-1/2"]
[Date "2020.12.07"]
[WhiteElo "2686"]
[BlackElo "2619"]
[PlyCount "80"]

1. e4 {} e5 2. Nf3 Nc6 3. Bb5 a6 4. Ba4 Nf6 5. 0-0 Be7 6. d3 d6 7. c3 0-0 8. Re1 Re8 9. Nbd2 Bf8 10. Nf1 h6 11. Ng3 b5 12. Bb3 Be6 {C90: Closed Ruy Lopez
with 7...d6: Early deviations.} 13. d4 Bxb3 14. Qxb3 {[#]} d5 $146 ({
Predecessor:} 14... g6 15. a4 Qb8 16. axb5 Qxb5 17. Qc2 exd4 18. Nxd4 Nxd4 19. cxd4 c5 20. dxc5 Qxc5 21. Qd3 d5 22. Be3 dxe4 23. Nxe4 Qf5 24. Nxf6+ {1/2-1/2 
(24) Bacrot,E (2669)-Riff,J (2499) Marseille 2019} )15. dxe5 dxe4 16. Rd1 Qc8 17. exf6 exf3 18. Qd5 {[#] Black must now prevent fxg7.} Ne5 19. Bf4 c6 20. Qe4 Nc4 21. Qxf3 {Threatens to win with fxg7.} g5 $1 {} 22. Bc1 Qe6 23. b3 Rad8 24. Rf1 ({Wrong is} 24. bxc4 $2 g4 $19 )Ne5 25. Qf5 Ng4 26. h3 Qxf5 27. Nxf5 Nxf6 28. c4 Ne4 29. Be3 {The position is equal.} Nd6 30. Nxd6 Rxd6 31. cxb5 cxb5 32. g4 f5 33. gxf5 Re5 34. Rac1 Rxf5 35. Rc8 Re6 36. Rd1 Kf7 37. Rd7+ Kg6 38. Ra7 Rf7 39. Rxf7 Kxf7 40. Kg2 Ba3 {Not much happened in this
game.  Weighted Error Value: White=0.05/Black=0.03} 1/2-1/2

[Event "73rd RUS-ch Superfinal 2020"]
[White "Karjakin,Sergey"]
[Black "Chigaev,Maksim"]
[Site "Moscow"]
[Round "4.1"]
[Annotator "TA"]
[Result "1/2-1/2"]
[Date "2020.12.08"]
[WhiteElo "2752"]
[BlackElo "2619"]
[PlyCount "56"]

1. e4 {} e5 2. Nf3 Nc6 3. Bb5 a6 4. Ba4 Nf6 5. 0-0 Be7 6. Re1 b5 7. Bb3 0-0 8. a4 b4 9. a5 d6 10. c3 Rb8 11. Bc4 {The position is
equal.} h6 {C90: Closed Ruy Lopez with 7...d6: Early deviations.} 12. d4 (12. d3 {feels hotter.} Be6 13. Bxa6 bxc3 14. Nxc3 Bb3 15. Qe2 )bxc3 13. Nxc3 Bg4 14. dxe5 dxe5 {[#]} 15. Bxa6 $146 ({Predecessor:} 15. h3 Qxd1 16. Rxd1 Bxf3 17. gxf3 Bb4 18. Be3 Nxa5 19. Bf1 Nb3 20. Rxa6 Rfd8 21. Rxd8+ Rxd8 22. Kg2 {
1/2-1/2 (22) Jimenez Ariza,J (2366)-Pecka,J (2427) ICCF email 2015} )Qxd1 16. Rxd1 Ra8 17. Bb7 Rxa5 18. Be3 Rxa1 19. Rxa1 Nd8 {[#] And now ...Bxf3 would
win.} 20. Nd5 Nxd5 21. Bxd5 Bxf3 22. gxf3 Ne6 23. b3 Bd6 24. Ra4 Rb8 25. Ba7 Rd8 26. Be3 Rb8 27. Ba7 Rd8 28. Be3 Rb8 {Not much happened in this game. 
Weighted Error Value: White=0.04/Black=0.03} 1/2-1/2

[Event "73rd RUS-ch Superfinal 2020"]
[White "Matlakov,Maxim"]
[Black "Esipenko,Andrey"]
[Site "Moscow"]
[Round "4.2"]
[Annotator "TA"]
[Result "1/2-1/2"]
[Date "2020.12.08"]
[WhiteElo "2698"]
[BlackElo "2686"]
[PlyCount "61"]

1. d4 {} Nf6 2. c4 e6 3. g3 d5 4. Bg2 Be7 5. Nf3 0-0 6. b3 b6 7. 0-0 Bb7 8. Nc3 Nbd7 9. Bb2 c5 10. Ne1 {E17: Queen's
Indian: 4 g3 Bb7 5 Bg2 Be7.} Ne4 11. cxd5 exd5 {[#]} 12. Nc2 $146 ({
Predecessor:} 12. Nxe4 dxe4 13. Nc2 cxd4 14. Nxd4 Bf6 15. Qd2 Nc5 16. Rad1 Re8 17. Qc1 Qd7 18. Nc2 {1-0 (60) Mastrovasilis,A (2473)-Marjanovic,D (2387) Banja
Vrujci 2017} )Ndf6 13. Nxe4 Nxe4 14. dxc5 bxc5 15. Bxe4 dxe4 16. Ne3 Qc8 17. Qc2 Qe6 18. Rfd1 Rfd8 19. Qc4 Qxc4 {The position is equal.} 20. Nxc4 f6 21. Kf1 Kf7 22. Na5 Bd5 23. Rac1 Rac8 24. Ba3 Ke6 25. Rd2 Rd7 26. Rdc2 Rdc7 27. Nc4 Bc6 28. Nd2 Bd5 29. Nc4 Bc6 30. Nd2 Bd5 31. Nc4 {Not much happened in this
game.  Weighted Error Value: White=0.03/Black=0.03} 1/2-1/2

[Event "73rd RUS-ch Superfinal 2020"]
[White "Svidler,Peter"]
[Black "Dubov,Daniil"]
[Site "Moscow"]
[Round "4.3"]
[Annotator "TA"]
[Result "1/2-1/2"]
[Date "2020.12.08"]
[WhiteElo "2723"]
[BlackElo "2702"]
[PlyCount "80"]

1. e4 {} e5 2. Nf3 Nc6 3. Bb5 a6 4. Ba4 Nf6 5. 0-0 b5 6. Bb3 Bc5 7. a4 Rb8 8. c3 d6 9. d4 Bb6 10. axb5 {10.a5 is the hot move.} axb5 11. Qd3 {
C78: Ruy Lopez: Archangelsk and Möller Defences.} 0-0 12. Bg5 exd4 13. cxd4 h6 14. Bh4 g5 15. Bg3 {[#] And now e5 would win.} Nh5 16. Rc1 {[#]} ({Much weaker
is} 16. Qxb5 Bd7 $15 )Ne7 $146 ({Predecessor:} 16... Bd7 17. e5 Kg7 18. exd6 Nxg3 19. dxc7 Qxc7 20. hxg3 Qd6 21. Nc3 Nxd4 22. Nd5 Nxb3 23. Qxb3 b4 24. Nxb6 Qxb6 25. Qd5 Rfd8 26. Qe5+ {1/2-1/2 (26) Almasi,Z (2707)-Saric,I (2648)
Porto Carras 2011} )17. Nc3 Kg7 18. Nxb5 Ng6 19. Nc3 Nhf4 20. Qd2 f5 21. Bc2 fxe4 22. Bxe4 g4 23. Ne1 Qg5 {[#] Strongly threatening ...Nh3+!} 24. Rc2 Bf5 25. Bxf4 Nxf4 26. Nd3 Bxe4 27. Nxe4 Qf5 28. Nxf4 Qxf4 29. Qd3 Qf5 {With the
idea ...Rbe8.} 30. Rd2 Rbe8 31. Ng3 {The position is equal.} Qxd3 32. Rxd3 Kg6 33. Kf1 Re7 34. Re1 Rxe1+ 35. Kxe1 $11 { Endgame KRB-KRN} Ra8 36. Ne2 Ra2 37. Rb3 Ra4 38. Rd3 Ra2 39. Rb3 Ra4 40. Rd3 Ra2 {Weighted Error Value:
White=0.07/Black=0.04} 1/2-1/2

[Event "73rd RUS-ch Superfinal 2020"]
[White "Artemiev,Vladislav"]
[Black "Fedoseev,Vladimir"]
[Site "Moscow"]
[Round "4.4"]
[Annotator "TA"]
[Result "1/2-1/2"]
[Date "2020.12.08"]
[WhiteElo "2711"]
[BlackElo "2674"]
[PlyCount "156"]

1. c4 {} e5 2. Nc3 Nf6 3. Nf3 Nc6 4. a3 d5 5. cxd5 Nxd5 6. Qc2 Nxc3 7. bxc3 {7.dxc3 might become the main line. A28: English
Opening: Four Knights Variation.} Bd6 8. g3 Qe7 9. d3 0-0 10. Bg2 Bd7 11. 0-0 Rae8 {[#]} 12. Nd2 $146 ({Predecessor:} 12. e4 Na5 13. Nh4 b6 14. Nf5 Qf6 15. Ne3 Be6 16. Bb2 Bc5 17. Qe2 Rd8 18. Nd5 Bxd5 19. exd5 {0-1 (43) Gashimov,V 
(2760)-Wang,Y (2709) Ningbo 2011} )Kh8 13. Bb2 f5 14. c4 f4 15. Ne4 {
Black must now prevent c5.} Qf7 16. Rad1 Be7 17. Kh1 Bg4 18. Bf3 Bxf3+ 19. exf3 Rd8 20. Rd2 Rd7 21. Kg2 Qe6 22. Re1 Rfd8 23. Red1 ({White should try} 23. d4 $1 $11 )b6 24. Qa4 Qg6 25. Qb5 Qe6 26. Qa4 a5 27. c5 Nd4 28. cxb6 cxb6 29. Qc4 Qg6 30. Bxd4 Rxd4 31. Qb3 a4 32. Qb2 h6 33. Rb1 (33. Rc2 $11 {keeps the
balance.} )Qe6 ({Not} 33... Rxd3 34. Rxd3 Rxd3 35. Qxe5 $14 )34. Qxb6 Qxb6 35. Rxb6 Bxa3 36. Ra6 Bb4 37. Rc2 a3 38. Rc7 R4d7 39. Rc4 Be7 40. Nc5 Rd5 41. Ne4 Rxd3 42. Rcc6 R3d5 43. Re6 Bb4 44. Reb6 $1 {} Bf8 45. g4 Kg8 46. h4 Rd1 {Hoping for ...Rc8.} 47. g5 $1 h5 {And now ...Rc8 would win.} 48. g6 $1 Rc8 49. Ng5 $1 Ra1 50. Rb7 Rcc1 51. Nh3 $1 {aiming for Rb8!} Rab1 52. Rf7 Rc8 53. Ng5 Rcc1 $36 { ( -> ...Rg1+). Black has good play.} 54. Nh3 $1 {White threatens Ra8! and mate.} Rb8 55. Ng5 Re8 56. Rfa7 Rec8 57. Ne6 R1c6 58. Nxf8 (58. Kh3 $11 )Kxf8 (58... Rxa6 $1 $17 59. Rxa6 Kxf8 60. Rxa3 Ke7 )59. Rxc6 (59. Rxa3 $15 Rxg6+ 60. Kh2 )Rxc6 $17 60. Rxa3 Rxg6+ $11 { Endgame KR-KR} 61. Kf1 {Cut Off at move 61} Kf7 (61... Re6 $1 $17 62. Ra7 Re7 )62. Ra7+ Ke6 63. Ra8 {[#]} (63. Ra6+ $11 {remains equal.} Kf7 64. Ra7+ Kf6 65. Ra6+ Kf7 66. Ra7+ )Rf6 $1 $17 64. Rh8 {[#]} g6 $1 65. Kg2 Kf5 66. Rg8 Rf7 67. Kg1 e4 (67... Kf6 $17 68. Re8 Rc7 69. Rf8+ Ke7 )68. Kg2 $11 {The position is equal.} Re7 69. Rf8+ Ke5 70. fxe4 Kxe4 71. Ra8 Rd7 72. Ra6 Rd1 73. Rxg6 f3+ 74. Kh2 Rf1 75. Re6+ Kf4 76. Rf6+ Kg4 77. Rg6+ Kxh4 78. Rg4+ hxg4 {Weighted Error Value: White=0.16/Black=0.14} 1/2-1/2

[Event "73rd RUS-ch Superfinal 2020"]
[White "Antipov,Mikhail Al."]
[Black "Nepomniachtchi,Ian"]
[Site "Moscow"]
[Round "4.5"]
[Annotator "TA"]
[Result "0-1"]
[Date "2020.12.08"]
[WhiteElo "2611"]
[BlackElo "2784"]
[PlyCount "60"]

1. e4 {} c5 2. Nf3 d6 3. d4 cxd4 4. Nxd4 Nf6 5. Nc3 a6 6. a3 e5 {B90: Sicilian Najdorf: Unusual White 6th moves, 6 Be3
Ng4 and 6 Be3 e5.} 7. Nf3 h6 8. Bc4 Be6 {[#] The position is equal.} 9. Bb3 $146 ({Predecessor:} 9. Bxe6 fxe6 10. 0-0 Nbd7 11. Ne1 Be7 12. Nd3 0-0 13. f4 Qc7 14. Kh1 Qc4 15. Qe1 {0-1 (52) Short,N (2648)-Aronian,L (2767) Caleta 2019} )Nc6 10. 0-0 Rc8 11. h3 Be7 12. Nh2 0-0 13. Ng4 Nxg4 14. hxg4 Bg5 15. Nd5 Nd4 (15... Bxc1 {is interesting.} 16. Rxc1 Na5 17. Qd3 Bxg4 18. Ne3 Qg5 )16. c3 $1 {} Bxc1 17. Rxc1 Nxb3 18. Qxb3 Bxg4 19. Qxb7 {Threatens to win
with Ne7+.} Rb8 {} 20. Qxa6 Rxb2 21. Rb1 Be2 22. Qc6 (22. Qa7 $11 {keeps the balance.} Ra2 23. Rfe1 )Rd2 $17 23. Rfe1 {[#]} Qg5 $1 24. Rxe2 Rxe2 25. Qxd6 Re8 26. Qd7 Re6 27. g3 {And now Rb8+
would win.} ({Don't blunder} 27. Rb8+ $2 Kh7 $19 )Qh5 $40 {
Black goes for the king.} 28. Kg2 (28. Ne7+ $17 {is a better defense.} Kh7 {[#]
} 29. Qe8 $1 {} Rxe7 30. Qxe7 )Kh7 $19 ({Not} 28... Rxe4 29. Rh1 $17 )29. Qd8 {[#]} Qg4 $1 30. Rb4 $2 (30. Qh4 $19 Qxh4 31. gxh4 )Rg6 {Weighted Error Value: White=0.50/Black=0.02} 0-1

[Event "73rd RUS-ch Superfinal 2020"]
[White "Vitiugov,Nikita"]
[Black "Goganov,Aleksey"]
[Site "Moscow"]
[Round "4.6"]
[Annotator "TA"]
[Result "1-0"]
[Date "2020.12.08"]
[WhiteElo "2720"]
[BlackElo "2594"]
[PlyCount "55"]

1. d4 {} Nf6 2. c4 e6 3. Nf3 d5 4. Nc3 dxc4 5. e4 Bb4 6. Bg5 h6 7. Bxf6 Qxf6 8. Bxc4 c5 9. 0-0 {aiming for Nb5. D39: Queen's Gambit
Declined: Ragozin Defence with 5 Bg5 dxc4.} cxd4 10. e5 {The main line 10.e5
scores better than 10.Nb5.} Qd8 11. Ne4 {White has an edge.} 0-0 12. Qe2 Be7 13. Rfd1 Qa5 14. a3 ({Much worse is} 14. Rxd4 Nc6 $15 )Rd8 15. b4 {
} Qb6 $1 {[#]} 16. Ng3 $5 $146 { An
interesting novelty.} ({Predecessor:} 16. g4 Nd7 17. Rac1 Qc7 18. Bxe6 Qb6 19. Bf5 Nf8 20. Bxc8 Raxc8 21. Rxc8 Rxc8 22. Nxd4 {0-1 (31) Sokolov,I (2584)-Van
Foreest,L (2521) Amsterdam 2019} )a5 (16... Bd7 $1 $11 {keeps the
balance.} )17. b5 $16 a4 {[#]} 18. Nh5 $1 g6 $2 { [#] Black cannot
hold the game after this.} (18... Qc5 $16 )19. Qd2 $1 $18 {} gxh5 (19... Kh7 $142 20. Qf4 Rf8 21. Nf6+ Bxf6 )20. Qxh6 {Strongly threatening Bd3.} Nd7 21. Bd3 {White wants to mate with Qh7+.} f5 22. Qg6+ Kf8 (22... Kh8 $142 23. Qf7 Bc5 )23. Bc4 Nc5 24. Nxd4 Rxd4 25. Rxd4 {Rf4! would kill now.} Qc7 26. Re1 Nb3 {[#]} 27. Rf4 $1 {} Bc5 28. Rd1 {Weighted Error Value:
White=0.12/Black=0.72} ({Not} 28. Bxe6 Bxe6 29. Qxe6 Nd4 $18 )1-0

[Event "73rd RUS-ch Superfinal 2020"]
[White "Goganov,Aleksey"]
[Black "Karjakin,Sergey"]
[Site "Moscow"]
[Round "5.1"]
[Annotator "TA"]
[Result "1/2-1/2"]
[Date "2020.12.09"]
[WhiteElo "2594"]
[BlackElo "2752"]
[PlyCount "84"]

1. d4 {} Nf6 2. c4 e6 3. g3 d5 4. Bg2 dxc4 5. Qa4+ Nbd7 6. Nh3 {E02: Open Catalan: 5 Qa4+.} c5 7. dxc5 Bxc5 8. 0-0 {Black has an edge.} 0-0 (8... Rb8 {is more complex.} 9. Nc3 b5 10. Nxb5 Bb7 11. Bxb7 Rxb7 12. Ng5 0-0 )9. Qxc4 Qe7 10. Nc3 h6 11. Nf4 Ne5 12. Qb3 Rb8 {
[#]} 13. Ne4 $146 ({Predecessor:} 13. a4 b6 14. Qc2 Bb7 15. e4 Rfd8 16. Qe2 Rbc8 17. Kh1 Rd7 18. a5 bxa5 19. Na4 {0-1 (29) Golubenko,V (2254)-Socko,M 
(2446) Batumi 2018} )Nxe4 14. Bxe4 b6 {The position is equal.} 15. Be3 Bxe3 16. Qxe3 Ng4 17. Qb3 Nf6 18. Bf3 Bb7 19. Bxb7 Qxb7 20. Rfd1 Rfd8 21. Rxd8+ Rxd8 22. Rd1 Rxd1+ 23. Qxd1 Qc7 24. Nd3 Qc4 25. a3 Nd5 26. Qd2 f6 27. Nf4 Nxf4 28. gxf4 $11 { Endgame KQ-KQ} Kh7 29. f3 Kg6 30. Kg2 Kh5 31. e4 g5 32. fxg5 fxg5 33. Qd6 Qe2+ 34. Kg3 Qe1+ 35. Kg2 Kh4 {Threatening ...Qe2+.} 36. Qg3+ Qxg3+ 37. hxg3+ {KP-KP} Kh5 38. g4+ Kg6 39. a4 a6 40. Kf2 e5 41. b4 b5 42. axb5 axb5 {Weighted Error Value: White=0.03/Black=0.03} 1/2-1/2

[Event "73rd RUS-ch Superfinal 2020"]
[White "Nepomniachtchi,Ian"]
[Black "Vitiugov,Nikita"]
[Site "Moscow"]
[Round "5.2"]
[Annotator "TA"]
[Result "1/2-1/2"]
[Date "2020.12.09"]
[WhiteElo "2784"]
[BlackElo "2720"]
[PlyCount "49"]

1. e4 {} e5 2. Nf3 Nc6 3. d4 exd4 4. Nxd4 Nf6 5. Nxc6 bxc6 6. e5 Qe7 7. Qe2 Nd5 8. c4 {8.h4 deserves study.} Ba6 9. b3 g6 10. f4 {C45: Scotch Game.} d6 11. Qf2 Nf6 12. Be2 dxe5 13. 0-0 Ne4 14. Qe1 Qc5+ {is the legacy move (14...
0-0-0).} 15. Kh1 {Black must now prevent Bf3.} Qd4 16. Bf3 Qxa1 17. Qxe4 Bb7 18. Qc2 $5 { Leaves trodden paths.} Bc5 $1 {[#] Strongly threatening ..
.0-0-0.} 19. Nc3 $146 ({Predecessor:} 19. Bb2 Qxa2 20. Nc3 Qa5 21. Ra1 Qb6 22. Na4 Qa5 23. Nc3 {1/2-1/2 (23) Cilloniz Razzeto,A (2372)-Van Tricht,M (2387)
ICCF email 2014} )Bb4 20. Na4 {The position is equal.} 0-0-0 21. Be2 $1 {
[#] Hoping for Be3.} Qd4 $1 22. Rd1 Qa1 {aiming for ...Rxd1+.} 23. Rf1 {
And now Be3 would win.} Qd4 $1 {Threatens to win with ...Rhe8.} 24. Rd1 Qa1 {
[#] ...Rxd1+ is the strong threat.} 25. Rf1 {Not much happened in this game. 
Weighted Error Value: White=0.02/Black=0.01} 1/2-1/2

[Event "73rd RUS-ch Superfinal 2020"]
[White "Fedoseev,Vladimir"]
[Black "Antipov,Mikhail Al."]
[Site "Moscow"]
[Round "5.3"]
[Annotator "TA"]
[Result "1/2-1/2"]
[Date "2020.12.09"]
[WhiteElo "2674"]
[BlackElo "2611"]
[PlyCount "63"]

1. d4 {} Nf6 2. c4 g6 3. Nf3 Bg7 4. e3 0-0 5. Be2 d6 6. Nc3 Re8 7. e4 e6 8. Be3 Nc6 9. 0-0 e5 10. d5 Nd4 {E97: King's Indian: Classical Main Line (6...e5 7 0-0 Nc6): 8 Be3
and 8 d5 Ne7, not 9 Ne1.} 11. Nxd4 exd4 12. Bxd4 Nxe4 {[#] Hoping for ...Bxd4.} 13. Bxg7 Kxg7 14. Qd4+ Qf6 15. Qxf6+ Kxf6 16. Nb5 Re7 $1 {[#]} 17. f3 $146 ({
Predecessor:} 17. Rfe1 Bd7 18. Nxc7 Rc8 19. Nb5 Bxb5 20. cxb5 Rce8 21. Bf1 Nc5 22. Rxe7 Rxe7 23. f3 Na4 24. b3 {0-1 (70) Golod,V-Moskalenko,V (2515)
Simferopol 1990} )Nc5 18. Rfe1 Bd7 19. Nc3 Rae8 20. Kf2 Na4 21. Nxa4 Bxa4 22. b3 Bd7 23. Rad1 a5 24. Rd2 h5 25. Rc1 b6 26. Rc3 Kg5 27. h4+ {The position
is equal.} Kf6 ({Much worse is} 27... Kxh4 $6 28. f4 $16 )28. a3 Ra8 29. Bd1 Rae8 30. Be2 Ra8 31. Rc1 Rae8 32. Rc3 {An uneventful encounter.  Weighted
Error Value: White=0.03/Black=0.03} 1/2-1/2

[Event "73rd RUS-ch Superfinal 2020"]
[White "Dubov,Daniil"]
[Black "Artemiev,Vladislav"]
[Site "Moscow"]
[Round "5.4"]
[Annotator "TA"]
[Result "1/2-1/2"]
[Date "2020.12.09"]
[WhiteElo "2702"]
[BlackElo "2711"]
[PlyCount "49"]

1. e4 {} c5 2. Nf3 e6 3. d4 cxd4 4. Nxd4 Nf6 5. Nc3 Nc6 6. Be2 d6 7. Be3 Bd7 8. Qd2 {B83:
Sicilian Scheveningen: 6 Be2, lines without ...a6.} a6 9. 0-0-0 b5 10. a3 b4 11. axb4 Nxb4 {[#]} 12. Kb1 $146 ({Predecessor:} 12. f4 Qa5 13. Nb3 Na2+ 14. Nxa2 Qxa2 15. Qd4 Be7 16. Kd2 Qa4 17. Qxa4 Bxa4 18. Bf3 Bc6 19. Kd3 Bb5+ 20. Kd2 Bc6 21. Kd3 {1/2-1/2 (21) Mayer,R-Isigkeit,H GER email 2008} )e5 13. Nf5 ({Better is} 13. Nb3 $11 )d5 $15 {Hoping for ...Qa5.} 14. Bg5 ({
White should play} 14. f4 $15 Qa5 15. Bf3 Bxf5 16. exf5 )Be6 $1 $17 15. f4 (15. Qe3 $17 d4 16. Nxd4 exd4 17. Qxd4 )Qa5 $19 16. Bxf6 (16. fxe5 $2 Nxe4 17. Nd4 Rc8 $19 )gxf6 17. fxe5 fxe5 18. Qg5 $2 (18. Ne3 d4 { Double Attack} 19. Nc4 dxc3 20. Nxa5 cxd2 21. Rxd2 )Rc8 $1 { aiming for ...Rxc3!} 19. Ne3 {[#]} ({And not} 19. Ng7+ Bxg7 20. Rxd5 (20. Qxg7 $2 Rxc3 21. Bd3 Qa2+ 22. Kc1 Qa1+ 23. Kd2 Qxb2 $19 )Bxd5 )Rxc3 $1 {} 20. bxc3 {[#]} Bc5 $2 ({Less strong is} 20... Qa2+ 21. Kc1 $19 )(20... d4 $1 $19 { ( -> ...Qa2+)} 21. cxd4 (21. cxb4 {is a self
mate.} Qa2+ { Zwischenzug} 22. Kc1 Qa1+ 23. Kd2 Bxb4+ 24. Kd3 Qc3# )Qa2+ 22. Kc1 Nc6 )21. cxb4 $11 {The position is equal.} Qxb4+ {
Double Attack} 22. Kc1 Qa3+ (22... h6 $5 23. Qg3 $8 Qa3+ { Double
Attack} 24. Kb1 Qb4+ { Double Attack} 25. Kc1 Qa3+ { Double
Attack} 26. Kb1 Qb4+ { Double Attack} 27. Kc1 $11 )23. Kb1 Qb4+ {
 Double Attack} 24. Kc1 Qa3+ 25. Kb1 {Weighted Error Value: White=0.
31/Black=0.17} 1/2-1/2

[Event "73rd RUS-ch Superfinal 2020"]
[White "Esipenko,Andrey"]
[Black "Svidler,Peter"]
[Site "Moscow"]
[Round "5.5"]
[Annotator "TA"]
[Result "1/2-1/2"]
[Date "2020.12.09"]
[WhiteElo "2686"]
[BlackElo "2723"]
[PlyCount "73"]

1. d4 {} Nf6 2. c4 g6 3. Nf3 Bg7 4. Nc3 d5 5. h4 dxc4 {The position is equal.} 6. e4 {
D90: Grünfeld: 4 Nf3 Bg7 sidelines.} c5 7. d5 b5 8. h5 0-0 ({Much worse is} 8... gxh5 $6 9. e5 $16 )9. hxg6 fxg6 10. e5 Ng4 11. d6 e6 $1 12. Rxh7 Rf5 13. Ne4 {[#] Hoping for Nh4.} Nd7 14. Bg5 Qe8 15. Be7 $1 Ngxe5 16. Nfg5 Bb7 17. Qc2 $1 Nc6 18. Rxg7+ $1 Kxg7 19. Qc3+ $1 e5 $1 20. Ne6+ $1 Kg8 21. Nc7 Qf7 {[#]} 22. Nxa8 $146 {Nc7 is the strong threat.} ({Predecessor:} 22. Nxb5 Nb6 23. Ng5 Rxg5 24. Bxg5 Nd4 25. Na3 Rf8 26. Be3 Qe6 27. Rc1 Qxd6 28. Nxc4 {1/2-1/2 (34)
Avotins,M (2456)-Morozov,D (2455) ICCF email 2016} )Nxe7 23. dxe7 Bxe4 24. Nc7 Qxe7 {White must now prevent ...Qh4!} 25. Nxb5 Nb6 26. Rd1 Qh4 {
} 27. g3 Qh2 {} 28. Rd8+ Kh7 $1 29. Qe3 Bd3 {Strongly threatening ...Qg1!} 30. Qxc5 {Threatening mate with Qe7+.} Rf7 $1 ({Worse is} 30... Qh1 31. Qe7+ Rf7 32. Qxf7+ Kh6 33. Rh8+ Kg5 34. Qe7+ Kg4 35. Rxh1 g5 36. Bh3+ Kf3 37. Qf8+ Ke4 38. Bg2# )31. Rf8 ({Wrong is} 31. Bxd3 $2 cxd3 32. Rxd3 {[#]} Na4 $1 $19 {} )Rxf8 32. Qxf8 {
aiming for Qe7+.} Qh1 33. Qe7+ Kh6 34. Qf8+ Kh7 35. Qe7+ Kh6 36. Qf8+ Kh7 37. Qe7+ {An uneventful encounter.  Weighted Error Value: White=0.00/Black=0.00} 1/2-1/2